|
|
|
|
| LEADER |
01067nam a2200253 a 4500 |
| 001 |
1671514 |
| 008 |
100614s1999 nyua b 001 0 eng d |
| 010 |
|
|
|a 98034054
|
| 020 |
|
|
|a 0471292451 (cloth : acid-free paper)
|
| 040 |
|
|
|a DLC
|c DLC
|d DLC
|d DB-DhAAL
|
| 082 |
0 |
0 |
|a 720/.28/4
|2 21
|
| 100 |
1 |
|
|a Doyle, Michael E.
|
| 245 |
1 |
0 |
|a Color drawing :
|b design drawing skills and techniques for architects, landscape architects, and interior designers /
|c Michael E. Doyle.
|
| 250 |
|
|
|a 2nd ed.
|
| 260 |
|
|
|a New York :
|b John Wiley,
|c c1999.
|
| 300 |
|
|
|a viii, 352 p. :
|b col. ill. ;
|c 21 x 29 cm.
|
| 500 |
|
|
|a Simultaneously published in Canada.
|
| 504 |
|
|
|a Includes bibliographical references (p. 346) and index.
|
| 541 |
1 |
|
|e 00009683
|
| 650 |
|
0 |
|a Color drawing
|x Technique.
|
| 650 |
|
0 |
|a Architectural rendering
|x Technique.
|
| 852 |
4 |
|
|a Ayesha Abed Library
|j General Shelf.
|
| 999 |
|
|
|c 8956
|d 8956
|
| 952 |
|
|
|0 0
|1 0
|2 ddc
|4 0
|6 720_284000000000000_DOY_1999
|7 0
|9 11013
|a BRACUL
|b BRACUL
|c GEN
|d 2010-06-15
|l 11
|m 93
|o 720.284 DOY
|p 3010009683
|r 2019-08-06
|s 2019-06-26
|t 1
|w 2010-06-15
|y BK
|